Statistics for Guess the Changing Flags #1

Click here to take the quiz!

General Stats

  • This quiz has been taken 236 times
    (70 since last reset)
  • The average score is 8 of 15

Answer Stats

HintAnswer% Correct
Add a blue stripe in the middleRussia
100%
Rotate to the right by 90 degreesFrance
85%
Move the bottom stripe to the topNetherlands
85%
Paint the left stripe greenItaly
75%
Paint the middle stripe yellowMali
58%
Rotate by 180 degreesGuinea
48%
Move the top stripe to the bottomLithuania
44%
Rotate to the right by 90 degreesBolivia
40%
Paint the center stripe blue and enlarge the top stripeColombia
38%
Reset the size of the top stripe and add a white star arc in the middleVenezuela
38%
Remove the top stripe, make a gold crown of the stars and move it to the leftLiechtenstein
35%
Remove the crown and paint the bottom stripe yellowUkraine
31%
Add a green stripe in the bottom and rotate by 180 degreesGabon
29%
Paint the bottom stripe green and rotate by 90 degreesNigeria
23%
Paint the middle stripe whiteSierra Leone
21%

Score Distribution

Percentile by Number Answered

Percent of People with Each Score

Your Score History

You have not taken this quiz since the last reset